Path Planning for Autonomous Vehicles - Ensuring Reliable Driverless Navigation and Control Maneuver (Record no. 25525)
[ view plain ]
| 000 -LEADER | |
|---|---|
| fixed length control field | 00636nam a2200121Ia 4500 |
| 008 - FIXED-LENGTH DATA ELEMENTS--GENERAL INFORMATION | |
| fixed length control field | 220620s9999||||xx |||||||||||||| ||und|| |
| 100 ## - MAIN ENTRY--PERSONAL NAME | |
| Personal name | Muhammad Aizzat Zakaria||Volkan Sezer||Yanjun Huang||Umar Zakir Abdul Hamid||Bin Li |
| 245 #0 - TITLE STATEMENT | |
| Title | Path Planning for Autonomous Vehicles - Ensuring Reliable Driverless Navigation and Control Maneuver |
| 546 ## - LANGUAGE NOTE | |
| Language note | English[eng] |
| 650 ## - SUBJECT ADDED ENTRY--TOPICAL TERM | |
| Topical term or geographic name entry element | Physical Sciences||Engineering and Technology||Robotics||Evolutionary Robotics||Autonomous Vehicle |
| 856 ## - ELECTRONIC LOCATION AND ACCESS | |
| Uniform Resource Identifier | <a href="https://www.intechopen.com/books/path-planning-for-autonomous-vehicles-ensuring-reliable-driverless-navigation-and-control-maneuver">https://www.intechopen.com/books/path-planning-for-autonomous-vehicles-ensuring-reliable-driverless-navigation-and-control-maneuver</a> |
| 942 ## - ADDED ENTRY ELEMENTS (KOHA) | |
| Koha item type | E-Books |
| Withdrawn status | Lost status | Damaged status | Not for loan | Home library | Current library | Date acquired | Total Checkouts | Date last seen | Price effective from | Koha item type |
|---|---|---|---|---|---|---|---|---|---|---|
| Kerala University of Digital Sciences, Innovation and Technology Knowledge Centre | Kerala University of Digital Sciences, Innovation and Technology Knowledge Centre | 20/06/2022 | 20/06/2022 | 20/06/2022 | E-Books |